Normal view MARC view
  • Longo, Frederick R

Entry Personal Name

Number of records used in: 1

001 - CONTROL NUMBER

  • control field: 99897

003 - CONTROL NUMBER IDENTIFIER

  • control field: NUST

005 - DATE AND TIME OF LATEST TRANSACTION

  • control field: 20221011133615.0

008 - FIXED-LENGTH DATA ELEMENTS

  • fixed length control field: 221011|| aca||aabn | a|a d

040 ## - CATALOGING SOURCE

  • Original cataloging agency: NUST
  • Transcribing agency: NUST

100 ## - HEADING--PERSONAL NAME

  • Personal name: Longo, Frederick R

670 ## - SOURCE DATA FOUND

  • Source citation: Work cat.: (NUST)183427: Longo, Frederick R., General chemistry: , [1974]
© 2023 Central Library, National University of Sciences and Technology. All Rights Reserved.